| 000 | 01826cam a2200313 a 4500 | ||
|---|---|---|---|
| 001 | 15607312 | ||
| 003 | OSt | ||
| 005 | 20170105102904.0 | ||
| 008 | 090202s2009 ctuab b 001 0 eng | ||
| 010 | _a 2009004607 | ||
| 020 | _a9780300115475 | ||
| 040 |
_aDLC _cDLC _dDLC |
||
| 043 | _ae-uk--- | ||
| 050 | 0 | 0 |
_aDA452 _b.P53 2009 |
| 082 | 0 | 0 |
_a941.067 _222 _bPIN 2009 |
| 100 | 1 | _aPincus, Steven C. A. | |
| 245 | 1 | 0 |
_a1688 : _bthe first modern revolution / _cSteve Pincus. |
| 260 |
_aNew Haven : _bYale University Press, _cc2009. |
||
| 300 |
_axiii, 647 p. : _bill., maps ; _c26 cm. |
||
| 490 | 0 | _aThe Lewis Walpole series in eighteenth-century culture and history | |
| 504 | _aIncludes bibliographical references (p. [489]-617) and index. | ||
| 505 | 0 | _aThe unmaking of a modern revolution -- Rethinking revolutions -- Going Dutch: the transformation of English society -- English politics at the accession of James II -- The ideology of Catholic modernity -- The practice of Catholic modernity -- Resistance to Catholic modernity -- Popular revolution -- Violent revolution -- Divisive revolution -- Revolution in foreign policy -- Revolution in political economy -- Revolution in the church -- Conclusion -- Assassination, association, and the consolidation of revolution -- Conclusion: the first modern revolution. | |
| 651 | 0 |
_aGreat Britain _xHistory _yRevolution of 1688. |
|
| 651 | 0 |
_aGreat Britain _xHistory _yRevolution of 1688 _xHistoriography. |
|
| 651 | 0 |
_aGreat Britain _xHistory _yRevolution of 1688 _xSocial aspects. |
|
| 906 |
_a7 _bcbc _corignew _d1 _eecip _f20 _gy-gencatlg |
||
| 942 |
_2ddc _cBK |
||
| 999 |
_c14774 _d14774 |
||